Modelling price movements in housing micro-markets (Record no. 112540)
[ view plain ]
| 000 -LEADER | |
|---|---|
| fixed length control field | 01074cad a22002655a 4500 |
| 001 - CONTROL NUMBER | |
| control field | E153475 |
| 008 - FIXED-LENGTH DATA ELEMENTS--GENERAL INFORMATION | |
| fixed length control field | 110801s2009 xxk f 000 0 eng d |
| 020 1# - INTERNATIONAL STANDARD BOOK NUMBER | |
| International Standard Book Number | 9781842195284 |
| 035 ## - SYSTEM CONTROL NUMBER | |
| System control number | (Sirsi) u153475 |
| 041 0# - LANGUAGE CODE | |
| Language code of text/sound track or separate title | eng |
| 100 1# - MAIN ENTRY--PERSONAL NAME | |
| Personal name | White, Michael |
| 245 00 - TITLE STATEMENT | |
| Title | Modelling price movements in housing micro-markets |
| Remainder of title | permanent and transitory components in local housing market dynamics |
| Medium | [electronic resource] |
| 260 ## - PUBLICATION, DISTRIBUTION, ETC. | |
| Place of publication, distribution, etc. | London |
| Name of publisher, distributor, etc. | RICS |
| Date of publication, distribution, etc. | 2009 |
| 490 #0 - SERIES STATEMENT | |
| Series statement | RICS Findings in Built and Rural Environments |
| 520 ## - SUMMARY, ETC. | |
| Summary, etc. | Looks at housing submarkets in Aberdeen to find out what factors affect the markets in the short and long term, and whether there are variations in prices at submarket level. |
| 521 ## - TARGET AUDIENCE NOTE | |
| Target audience note | Advanced |
| 590 ## - LOCAL NOTE (RLIN) | |
| Local note | KA |
| 651 #4 - SUBJECT ADDED ENTRY--GEOGRAPHIC NAME | |
| Geographic name | Aberdeen |
| 690 ## - LOCAL SUBJECT ADDED ENTRY--TOPICAL TERM (OCLC, RLIN) | |
| Topical term or geographic name as entry element | PROPERTY-RESIDENTIAL PROPERTY-DOMESTIC RESIDENTIAL PROPERTY-HOUSING |
| 700 1# - ADDED ENTRY--PERSONAL NAME | |
| Personal name | Dunse, Neil |
| 700 1# - ADDED ENTRY--PERSONAL NAME | |
| Personal name | Wilson, Patrick |
| 700 1# - ADDED ENTRY--PERSONAL NAME | |
| Personal name | Zurbruegg, Ralf |
| 856 40 - ELECTRONIC LOCATION AND ACCESS | |
| Uniform Resource Identifier | <a href="https://www.rics.org/site/download_feed.aspx?fileID=5655&fileExtension=PDF">https://www.rics.org/site/download_feed.aspx?fileID=5655&fileExtension=PDF</a> |
| Public note | Broken link - not available |
| 942 ## - ADDED ENTRY ELEMENTS (KOHA) | |
| Suppress in OPAC | 0 |
| Withdrawn status | Lost status | Source of classification or shelving scheme | Damaged status | Not for loan | Home library | Current library | Shelving location | Date acquired | Total Checkouts | Full call number | Barcode | Date last seen | Copy number | Price effective from | Koha item type |
|---|---|---|---|---|---|---|---|---|---|---|---|---|---|---|---|
| Dewey Decimal Classification | Virtual | Virtual | Online | 01/08/2011 | ONLINE PUBLICATION | 153475-1001 | 06/08/2019 | 1 | 06/08/2019 | Book |